[Event "Brest op"]
[Site "Brest"]
[Date "2011.04.23"]
[Round "2"]
[White "Besseghier, Stephane"]
[Black "Bourgois, Bastien"]
[Result "0-1"]
[WhiteElo "1713"]
[BlackElo "1990"]
[PlyCount "83"]
[EventDate "2011.04.23"]
[EventType "swiss"]
[EventRounds "5"]
[EventCountry "FRA"]
[SourceTitle "EXT 2012"]
[Source "ChessBase"]
[SourceDate "2011.11.24"]
[SourceVersion "1"]
[SourceVersionDate "2011.11.24"]
[SourceQuality "1"]

1. Nf3 Nf6 2. g3 g6 3. Bg2 Bg7 4. 0-0 d5 5. c4 c6 6. cxd5 cxd5 7. Nc3 Nc6 8. d3 e5 9. Bg5 Be6 10. Rc1 h6 11. Bd2 0-0 12. Rb1 d4 13. Na4 Bxa2 14. Ra1 Bd5 15. b4 Nd7 16. Nc5 Nxc5 17. bxc5 f5 18. Rb1 Qe7 19. Qc1 Kh7 20. Ng5+ hxg5 21. Bxd5 Bf6 22. Rb2 Rfd8 23. Qc4 Rd7 24. Rfb1 Kg7 25. Rb5 Rc7 26. Qb3 Nd8 27. Bxb7 Nxb7 28. Rxb7 Rac8 29. c6 Qd6 30. Qc4 Kh8 31. Rxc7 Rxc7 32. Rb8+ Bd8 33. Bxg5 Rxc6 34. Rxd8+ Qxd8 35. Bxd8 Rxc4 36. dxc4 Kg7 37. c5 Kf7 38. c6 Ke6 39. c7 Kd7 40. Kf1 e4 41. Ke1 a5 42. Kd2 0-1

[Event "Fouesnant op 14th"]
[Site "Fouesnant"]
[Date "2008.11.01"]
[Round "9"]
[White "Casasnovas, Vincent"]
[Black "Besseghier, Stephane"]
[Result "0-1"]
[WhiteElo "1662"]
[BlackElo "1773"]
[PlyCount "58"]
[EventDate "2008.10.25"]
[EventType "swiss"]
[EventRounds "9"]
[EventCountry "FRA"]
[SourceTitle "EXT 2009"]
[Source "ChessBase"]
[SourceDate "2008.11.26"]
[SourceVersion "1"]
[SourceVersionDate "2008.11.26"]
[SourceQuality "1"]

1. d4 Nf6 2. Nf3 g6 3. Bf4 Bg7 4. e3 c5 5. c3 0-0 6. Be2 cxd4 7. exd4 d6 8. 0-0 Nbd7 9. Nbd2 Nb6 10. Re1 Re8 11. Bd3 Nh5 12. Bg5 h6 13. Bh4 Nf4 14. Bf1 a6 15. h3 Bf5 16. Ne4 Qc7 17. Kh2 Qc6 18. Nfd2 Rac8 19. g4 Bd7 20. Bg3 e5 21. Bxf4 exf4 22. Bg2 Qc7 23. Rc1 d5 24. f3 dxe4 25. Nxe4 Nd5 26. Bf1 Ne3 27. Qb3 Bc6 28. Qb4 Bf8 29. Qa5 Qxa5 0-1